Normal view MARC view
  • B. L. Wells and Son

Entry Corporate Name

Number of records used in: 1

001 - CONTROL NUMBER

  • control field: 5387

003 - CONTROL NUMBER IDENTIFIER

  • control field: SIRSI

005 - DATE AND TIME OF LATEST TRANSACTION

  • control field: 20190806150242.0

008 - FIXED-LENGTH DATA ELEMENTS

  • fixed length control field: 071015n| acannaabn |n ana d

040 ## - CATALOGING SOURCE

  • Original cataloging agency: OSt
  • Transcribing agency: OSt

110 2# - HEADING--CORPORATE NAME

  • Corporate name or jurisdiction name as entry element: B. L. Wells and Son

670 ## - SOURCE DATA FOUND

  • Source citation: City of Hull, Anlaby Road, 1937